[Event "Helsingor Xtracon op"]
[Site "Helsingor"]
[Date "2019.07.26"]
[Round "8"]
[White "Thaler, Toni"]
[Black "Nord, Alexander"]
[Result "1-0"]
[WhiteElo "2070"]
[BlackElo "1893"]
[PlyCount "69"]
[EventDate "2019.07.20"]
[EventType "swiss"]
[EventRounds "10"]
[EventCountry "DEN"]
[SourceTitle "CBM 191 Extra"]
[Source "ChessBase"]
[SourceDate "2019.09.30"]
[SourceVersion "1"]
[SourceVersionDate "2019.09.30"]
[SourceQuality "1"]

1. d4 Nf6 2. c4 e6 3. Nf3 b6 4. g3 Bb7 5. Bg2 Be7 6. Nc3 0-0 7. Qc2 d5 8. cxd5 exd5 9. Bf4 c6 10. 0-0 Nbd7 11. Rad1 Rc8 12. Bh3 Ra8 13. Rfe1 Nh5 14. Bc1 Nhf6 15. Bf4 Nh5 16. Bc1 Nhf6 17. a3 Bd6 18. Bf5 Re8 19. Bf4 Qb8 20. e3 g6 21. Bh3 Kg7 22. Nd2 a6 23. Bg2 h5 24. h4 Nf8 25. Bxd6 Qxd6 26. e4 dxe4 27. Ndxe4 Nxe4 28. Nxe4 Qd7 29. d5 f6 30. Qc3 Nh7 31. Nxf6 Rxe1+ 32. Rxe1 Nxf6 33. dxc6 Qf7 34. cxb7 Rf8 35. Qe5 1-0

[Event "Helsingor Xtracon op"]
[Site "Helsingor"]
[Date "2019.07.23"]
[Round "5"]
[White "Moller, Arne Vagn"]
[Black "Thaler, Toni"]
[Result "0-1"]
[WhiteElo "1872"]
[BlackElo "2070"]
[PlyCount "68"]
[EventDate "2019.07.20"]
[EventType "swiss"]
[EventRounds "10"]
[EventCountry "DEN"]
[SourceTitle "CBM 191 Extra"]
[Source "ChessBase"]
[SourceDate "2019.09.30"]
[SourceVersion "1"]
[SourceVersionDate "2019.09.30"]
[SourceQuality "1"]

1. e4 c5 2. Nf3 Nc6 3. d4 cxd4 4. Nxd4 Nf6 5. Nc3 e5 6. Ndb5 d6 7. Bg5 a6 8. Na3 Be6 9. Bxf6 gxf6 10. Nd5 f5 11. Bd3 b5 12. c3 Bg7 13. Qh5 Rc8 14. 0-0 f4 15. g3 Ne7 16. Rad1 Ng6 17. Nxb5 Bxd5 18. Nxd6+ Qxd6 19. exd5 0-0 20. c4 f5 21. Bxf5 Rxc4 22. Be6+ Kh8 23. Rc1 Rxc1 24. Rxc1 Ne7 25. Rd1 e4 26. Qe2 e3 27. fxe3 fxg3 28. Rf1 gxh2+ 29. Kh1 Nxd5 30. Rxf8+ Bxf8 31. Qg4 Nf6 32. Qf5 Be7 33. e4 Qg3 34. Qf1 Nxe4 0-1

[Event "Helsingor Xtracon op"]
[Site "Helsingor"]
[Date "2017.07.29"]
[Round "9"]
[White "Thaler, Toni"]
[Black "Miskulin, Dennis"]
[Result "0-1"]
[WhiteElo "2041"]
[BlackElo "2198"]
[PlyCount "82"]
[EventDate "2017.07.22"]
[EventType "swiss"]
[EventRounds "10"]
[EventCountry "DEN"]
[SourceTitle "CBM 179 Extra"]
[Source "ChessBase"]
[SourceDate "2017.08.23"]
[SourceVersion "1"]
[SourceVersionDate "2017.08.23"]
[SourceQuality "1"]

1. d4 Nf6 2. c4 g6 3. f3 Bg7 4. e4 d6 5. Ne2 0-0 6. Be3 c5 7. d5 e6 8. Nec3 exd5 9. cxd5 Nbd7 10. Be2 a6 11. a4 Re8 12. 0-0 Ne5 13. Na3 h5 14. h3 Nh7 15. f4 Nd7 16. Bf3 f5 17. Qc2 Ndf6 18. e5 dxe5 19. fxe5 Rxe5 20. Bxc5 Qc7 21. Bf2 Re8 22. Rad1 Ng5 23. Be2 Nfe4 24. Bc4 Nd6 25. Bb3 Bd7 26. Kh1 Rac8 27. Bd4 Bxd4 28. Rxd4 Kg7 29. Nc4 Nde4 30. d6 Ng3+ 31. Kg1 Qc5 32. Rfd1 Ne6 33. Qf2 Nxd4 34. Rxd4 Ne4 35. Nxe4 Rxe4 36. Rxe4 fxe4 37. Qxc5 Rxc5 38. Ne3 Rc6 39. Bd5 Rxd6 40. Bxb7 Rb6 41. Bxe4 Re6 0-1

[Event "Helsingor Xtracon op"]
[Site "Helsingor"]
[Date "2017.07.28"]
[Round "8"]
[White "Andersen, Morten"]
[Black "Thaler, Toni"]
[Result "1/2-1/2"]
[WhiteElo "2193"]
[BlackElo "2041"]
[PlyCount "142"]
[EventDate "2017.07.22"]
[EventType "swiss"]
[EventRounds "10"]
[EventCountry "DEN"]
[SourceTitle "CBM 179 Extra"]
[Source "ChessBase"]
[SourceDate "2017.08.23"]
[SourceVersion "1"]
[SourceVersionDate "2017.08.23"]
[SourceQuality "1"]

1. c4 f5 2. g3 g6 3. Bg2 Bg7 4. d4 Nh6 5. h4 Nf7 6. e4 d6 7. exf5 gxf5 8. Nc3 e5 9. dxe5 dxe5 10. Qh5 c6 11. Nh3 Qf6 12. Ng5 h6 13. Nh3 Be6 14. Qe2 Na6 15. 0-0 0-0 16. b3 Rfe8 17. Bb2 Qe7 18. Rfe1 Rad8 19. Rad1 Rxd1 20. Nxd1 Qd7 21. Kh2 Nc5 22. Ne3 Qd3 23. Qh5 Qd2 24. Re2 Qd7 25. Bc3 Nh8 26. Rd2 Qf7 27. Qd1 Ng6 28. Rd8 Qe7 29. Rxe8+ Qxe8 30. h5 Nf8 31. Qd6 Ncd7 32. Bf3 Qb8 33. Qe7 Bf6 34. Qa3 Nh7 35. Qb2 Ng5 36. Nxg5 hxg5 37. Qc2 e4 38. Bxf6 Nxf6 39. Qc3 Kf7 40. Be2 f4 41. Nf1 f3 42. Bd1 Qh8 43. Kg1 Qxh5 44. Nh2 Qh3 45. Bxf3 exf3 46. Nxf3 Qf5 47. Qe3 Ne4 48. Qxe4 g4 49. Qxf5+ Bxf5 50. Nd2 Bd3 51. f3 gxf3 52. Kf2 Kf6 53. Kxf3 Ke5 54. Ke3 Bg6 55. g4 c5 56. Nf3+ Kf6 57. Kf4 Bb1 58. a3 b6 59. Nd2 Bc2 60. g5+ Ke6 61. b4 cxb4 62. axb4 a5 63. c5 axb4 64. cxb6 Kd6 65. Nc4+ Kc6 66. Ke3 Bh7 67. Kd4 Bg8 68. g6 b3 69. Nd2 Kxb6 70. Kc3 Kc6 71. Nxb3 Kd6 1/2-1/2

[Event "Helsingor Xtracon op"]
[Site "Helsingor"]
[Date "2017.07.25"]
[Round "5"]
[White "Thaler, Toni"]
[Black "Frederiksen Kristian, Pade"]
[Result "1/2-1/2"]
[WhiteElo "2041"]
[BlackElo "1783"]
[PlyCount "51"]
[EventDate "2017.07.22"]
[EventType "swiss"]
[EventRounds "10"]
[EventCountry "DEN"]
[SourceTitle "CBM 179 Extra"]
[Source "ChessBase"]
[SourceDate "2017.08.23"]
[SourceVersion "1"]
[SourceVersionDate "2017.08.23"]
[SourceQuality "1"]

1. d4 Nf6 2. c4 g6 3. f3 Bg7 4. e4 0-0 5. Ne2 d6 6. Nbc3 a6 7. Be3 Nc6 8. Qd2 Rb8 9. Nc1 e5 10. d5 Nd4 11. N1e2 Nxe2 12. Bxe2 Nh5 13. 0-0-0 f5 14. Kb1 Nf4 15. Bf1 Bd7 16. c5 Rf7 17. b4 Qe8 18. Bc4 Kh8 19. cxd6 cxd6 20. Kb2 Rc8 21. Bb3 Bb5 22. Nxb5 Qxb5 23. a4 Qe2 24. Qxe2 Nxe2 25. Rd2 Nd4 26. Bxd4 1/2-1/2

[Event "Helsingor Xtracon op"]
[Site "Helsingor"]
[Date "2017.07.23"]
[Round "2"]
[White "Hoi, Carsten"]
[Black "Thaler, Toni"]
[Result "1-0"]
[WhiteElo "2356"]
[BlackElo "2041"]
[PlyCount "57"]
[EventDate "2017.07.22"]
[EventType "swiss"]
[EventRounds "10"]
[EventCountry "DEN"]
[SourceTitle "CBM 179 Extra"]
[Source "ChessBase"]
[SourceDate "2017.08.23"]
[SourceVersion "1"]
[SourceVersionDate "2017.08.23"]
[SourceQuality "1"]

1. d4 e6 2. c4 b6 3. Nc3 Bb7 4. Nf3 f5 5. g3 Nf6 6. Bg2 Bb4 7. Bd2 0-0 8. 0-0 a5 9. Qc2 Qe8 10. Nb5 Na6 11. a3 Bxd2 12. Qxd2 Qe7 13. Rac1 d6 14. Ne1 Bxg2 15. Nxg2 Ne4 16. Qc2 c6 17. Nc3 Nxc3 18. Qxc3 Nc7 19. Qf3 Qd7 20. Rfd1 g5 21. e4 fxe4 22. Qxe4 Rae8 23. f4 h6 24. Kh1 Kg7 25. Ne3 gxf4 26. gxf4 Kh8 27. Rg1 Rg8 28. Ng4 Qg7 29. Ne5 1-0

[Event "Helsingor Xtracon op"]
[Site "Helsingor"]
[Date "2016.07.24"]
[Round "2"]
[White "Thaler, Toni"]
[Black "Hoi, Carsten"]
[Result "0-1"]
[WhiteElo "2037"]
[BlackElo "2386"]
[PlyCount "132"]
[EventDate "2016.07.23"]
[EventType "swiss"]
[EventRounds "10"]
[EventCountry "DEN"]
[SourceTitle "CBM 173 Extra"]
[Source "ChessBase"]
[SourceDate "2016.08.29"]
[SourceVersion "1"]
[SourceVersionDate "2016.08.29"]
[SourceQuality "1"]

1. d4 d5 2. Bf4 c5 3. c3 Nc6 4. e3 Qb6 5. Qb3 f6 6. Qxb6 axb6 7. Bb5 Kd8 8. h4 Bd7 9. h5 e6 10. Nd2 Nge7 11. Ngf3 Nxd4 12. Nxd4 cxd4 13. Bxd7 Kxd7 14. exd4 Nc6 15. Nf3 b5 16. Kd2 b4 17. cxb4 Bxb4+ 18. Kd3 Be7 19. a3 Ra4 20. Bg3 b5 21. Rac1 Rc8 22. Rc3 b4 23. axb4 Bxb4 24. Rc2 Bd6 25. Bxd6 Kxd6 26. Ke3 Rb8 27. Rhc1 Rb6 28. Rc3 Rab4 29. R1c2 Ne7 30. Rc7 Rb7 31. Rxb7 Rxb7 32. g4 Rb3+ 33. Ke2 Nc6 34. Rd2 Na5 35. Rc2 Nc4 36. Nd2 Rb4 37. Nxc4+ dxc4 38. f3 Kd5 39. Rd2 Ra4 40. Ke3 Ra1 41. Kf2 g6 42. hxg6 hxg6 43. g5 fxg5 44. Re2 Rb1 45. Rd2 Rh1 46. Ke3 Rh4 47. Rg2 Rxd4 48. Rxg5+ e5 49. Rxg6 Rd3+ 50. Ke2 Rb3 51. Rg8 Rxb2+ 52. Ke3 Rb3+ 53. Ke2 Kd4 54. Rd8+ Kc3 55. Rc8 Rb5 56. Ke3 Kb3 57. Kd2 Rd5+ 58. Kc1 Rd3 59. Rc5 Rxf3 60. Rxe5 Rf1+ 61. Kd2 c3+ 62. Kd3 Rd1+ 63. Ke2 c2 64. Rb5+ Kc4 65. Rb8 c1Q 66. Rc8+ Kb5 0-1

[Event "Politiken Cup 37th"]
[Site "Helsingor"]
[Date "2015.07.31"]
[Round "8"]
[White "Thaler, Toni"]
[Black "Rewitz, Poul"]
[Result "1-0"]
[WhiteElo "2025"]
[BlackElo "2184"]
[PlyCount "165"]
[EventDate "2015.07.25"]
[EventType "swiss"]
[EventRounds "10"]
[EventCountry "DEN"]
[SourceTitle "CBM 167 Extra"]
[Source "ChessBase"]
[SourceDate "2015.09.14"]
[SourceVersion "1"]
[SourceVersionDate "2015.09.14"]
[SourceQuality "1"]

1. d4 c6 2. c4 g6 3. e4 d5 4. cxd5 cxd5 5. e5 Bg7 6. Nc3 Nh6 7. h4 Nc6 8. Bf4 Nf5 9. Bb5 h5 10. Nf3 0-0 11. Bxc6 bxc6 12. Na4 e6 13. Qd2 a5 14. b3 Rb8 15. Nc5 Rb5 16. Rc1 Re8 17. Bg5 f6 18. Bxf6 Bxf6 19. exf6 Qxf6 20. Qg5 Qxg5 21. hxg5 Rb4 22. a3 Rxd4 23. Nxd4 Nxd4 24. Kd2 e5 25. f3 Bf5 26. Rhe1 h4 27. Rc3 Re7 28. Rce3 h3 29. gxh3 Rh7 30. Rh1 Rh4 31. Kc1 a4 32. bxa4 Nxf3 33. Rxf3 Rc4+ 34. Kb2 Rxc5 35. Rc3 Ra5 36. Rxc6 d4 37. Rd6 d3 38. Rc1 e4 39. Rc7 Ra8 40. Re7 Kf8 41. Re5 Rb8+ 42. Kc3 Rc8+ 43. Kb4 Rb8+ 44. Kc5 Rc8+ 45. Kb6 Rb8+ 46. Kc7 Rc8+ 47. Kb7 Rc3 48. a5 Rb3+ 49. Kc7 Rc3+ 50. Kb6 Rb3+ 51. Kc5 Rxa3 52. Kb4 Ra2 53. Kb3 Ra1 54. Kb2 Ra4 55. a6 Kf7 56. Rf6+ Kg7 57. Re7+ Kg8 58. Re8+ Kg7 59. Re7+ Kg8 60. Rd6 Kf8 61. Re5 Kf7 62. Kb3 Ra1 63. Kb2 Ra4 64. Kc3 Ra3+ 65. Kb4 Ra1 66. Kc3 Rc1+ 67. Kd2 Rc2+ 68. Ke3 Re2+ 69. Kd4 Ra2 70. Ke3 Re2+ 71. Kd4 Ra2 72. Rf6+ Kg7 73. Re7+ Kg8 74. Rb6 Rc2 75. Rb8+ Bc8 76. Rd7 d2 77. Kxe4 Rc4+ 78. Ke3 Rc7 79. Rxd2 Kf7 80. Rd6 Re7+ 81. Kd4 Bxh3 82. Rf6+ Kg7 83. Rb7 1-0

[Event "Politiken Cup 36th"]
[Site "Helsingor"]
[Date "2014.07.28"]
[Round "9"]
[White "Thaler, Toni"]
[Black "Tretvold, Martin"]
[Result "1-0"]
[WhiteElo "2081"]
[BlackElo "1857"]
[PlyCount "69"]
[EventDate "2014.07.21"]
[EventType "swiss"]
[EventRounds "10"]
[EventCountry "DEN"]
[SourceTitle "CBM 161 Extra"]
[Source "ChessBase"]
[SourceDate "2014.08.29"]
[SourceVersion "1"]
[SourceVersionDate "2014.08.29"]
[SourceQuality "1"]

1. d4 b6 2. Nf3 Bb7 3. g3 Nf6 4. Bg2 g6 5. 0-0 Bg7 6. c4 0-0 7. Nc3 d6 8. Qc2 Nbd7 9. e4 e5 10. d5 Nh5 11. Bd2 h6 12. Nh4 Kh7 13. Bh3 Bf6 14. Ng2 Bc8 15. f4 exf4 16. gxf4 Nc5 17. Bxc8 Qxc8 18. Rae1 Qg4 19. Kh1 Rae8 20. b4 Nb7 21. Qd1 Qd7 22. Qf3 a5 23. a3 Re7 24. Ne3 Bg7 25. Nf5 gxf5 26. Qxh5 fxe4 27. Nxe4 Rfe8 28. Ng5+ Kg8 29. Rxe7 Rxe7 30. f5 hxg5 31. f6 Bxf6 32. Rxf6 Re5 33. Rh6 Qf5 34. Rh8+ Kg7 35. Qh6# 1-0

[Event "Politiken Cup 36th"]
[Site "Helsingor"]
[Date "2014.07.26"]
[Round "7"]
[White "Thaler, Toni"]
[Black "Agrest, Inna"]
[Result "0-1"]
[WhiteElo "2081"]
[BlackElo "2223"]
[PlyCount "46"]
[EventDate "2014.07.21"]
[EventType "swiss"]
[EventRounds "10"]
[EventCountry "DEN"]
[SourceTitle "CBM 161 Extra"]
[Source "ChessBase"]
[SourceDate "2014.08.29"]
[SourceVersion "1"]
[SourceVersionDate "2014.08.29"]
[SourceQuality "1"]

1. d4 Nf6 2. c4 g6 3. Nc3 Bg7 4. e4 d6 5. f3 0-0 6. Nge2 Nbd7 7. Be3 a6 8. Qd2 c5 9. 0-0-0 cxd4 10. Nxd4 Ne5 11. Kb1 b5 12. cxb5 axb5 13. Ndxb5 Be6 14. Nd5 Nxd5 15. exd5 Bf5+ 16. Ka1 Ra4 17. Nc3 Rb4 18. h3 Qa5 19. f4 Nf3 20. gxf3 Rxb2 21. Qxb2 Qxc3 22. Bd4 Bxd4 23. Rxd4 Qe1+ 0-1

[Event "Politiken Cup 36th"]
[Site "Helsingor"]
[Date "2014.07.24"]
[Round "5"]
[White "Thaler, Toni"]
[Black "Thorsbro, Peter"]
[Result "1/2-1/2"]
[WhiteElo "2081"]
[BlackElo "2216"]
[PlyCount "96"]
[EventDate "2014.07.21"]
[EventType "swiss"]
[EventRounds "10"]
[EventCountry "DEN"]
[SourceTitle "CBM 161 Extra"]
[Source "ChessBase"]
[SourceDate "2014.08.29"]
[SourceVersion "1"]
[SourceVersionDate "2014.08.29"]
[SourceQuality "1"]

1. d4 f5 2. Nc3 Nf6 3. Bg5 d5 4. Bxf6 exf6 5. e3 Be6 6. Bd3 Nc6 7. Qf3 Qd7 8. a3 0-0-0 9. Nge2 Kb8 10. Nf4 Bf7 11. h4 g5 12. hxg5 fxg5 13. Nh5 Bg6 14. 0-0-0 Qf7 15. g4 f4 16. Bxg6 hxg6 17. Ng3 Rxh1 18. Rxh1 Bd6 19. Nxd5 Qe6 20. Ne2 fxe3 21. fxe3 Rf8 22. Qg2 Ne7 23. e4 Nxd5 24. exd5 Qe3+ 25. Kb1 Rf2 26. Rh3 Kc8 27. Rxe3 Rxg2 28. Re4 Bf4 29. Re6 Rxg4 30. Rxg6 Be3 31. Re6 Bxd4 32. Nxd4 Rxd4 33. Re5 Rd1+ 34. Ka2 g4 35. Rg5 Rg1 36. Rg7 g3 37. Kb3 g2 38. Kc3 Kd8 39. Kd2 Ke8 40. Ke2 Rc1 41. Rxg2 Rxc2+ 42. Kf3 Rxg2 43. Kxg2 Kd7 44. Kf3 Kd6 45. Ke4 Kc5 46. b3 a5 47. Ke5 b6 48. a4 b5 1/2-1/2

[Event "Politiken Cup 36th"]
[Site "Helsingor"]
[Date "2014.07.21"]
[Round "1"]
[White "Thaler, Toni"]
[Black "Yilmaz, Kazim"]
[Result "1-0"]
[WhiteElo "2081"]
[BlackElo "1637"]
[PlyCount "111"]
[EventDate "2014.07.21"]
[EventType "swiss"]
[EventRounds "10"]
[EventCountry "DEN"]
[SourceTitle "CBM 161 Extra"]
[Source "ChessBase"]
[SourceDate "2014.08.29"]
[SourceVersion "1"]
[SourceVersionDate "2014.08.29"]
[SourceQuality "1"]

1. d4 Nf6 2. c4 e6 3. Nf3 Bb4+ 4. Bd2 Qe7 5. g3 Ne4 6. Bg2 Nxd2 7. Nbxd2 Nc6 8. 0-0 Bxd2 9. Qxd2 0-0 10. e4 d6 11. e5 dxe5 12. dxe5 Rd8 13. Qe3 Bd7 14. a3 a5 15. b3 Be8 16. Rfc1 Rd7 17. c5 Rad8 18. Bf1 Nd4 19. Ne1 Nf5 20. Qc3 f6 21. Qxa5 fxe5 22. Qc3 Qf6 23. c6 bxc6 24. Nf3 Nd4 25. Nxd4 exd4 26. Qd2 Qh6 27. Qxh6 gxh6 28. Bc4 Bf7 29. Ra2 e5 30. Bxf7+ Kxf7 31. Rxc6 e4 32. Rxh6 d3 33. Rd2 Kf8 34. Re6 Re7 35. Rc6 Rd6 36. Rxd6 cxd6 37. Kf1 Rc7 38. f3 d5 39. fxe4 dxe4 40. Kf2 Rc3 41. Ke3 Rxb3 42. Kxe4 Rxa3 43. Rxd3 Rxd3 44. Kxd3 Kf7 45. Ke4 Kf6 46. Kf4 Kg6 47. Kg4 Kh6 48. Kf5 Kg7 49. Kg5 Kf7 50. Kh6 Kg8 51. g4 Kh8 52. g5 Kg8 53. h3 Kh8 54. h4 Kg8 55. h5 Kh8 56. g6 1-0

[Event "Politiken Cup 35th"]
[Site "Helsingor"]
[Date "2013.08.04"]
[Round "10"]
[White "Thaler, Toni"]
[Black "Oland, Arne"]
[Result "1/2-1/2"]
[WhiteElo "2091"]
[BlackElo "1955"]
[PlyCount "71"]
[EventDate "2013.07.27"]
[EventType "swiss"]
[EventRounds "10"]
[EventCountry "DEN"]
[SourceTitle "CBM 155 Extra"]
[Source "ChessBase"]
[SourceDate "2013.08.26"]
[SourceVersion "1"]
[SourceVersionDate "2013.08.26"]
[SourceQuality "1"]

1. d4 d5 2. c4 c6 3. Nf3 e6 4. e3 Nf6 5. Nbd2 Bd6 6. b3 Nbd7 7. Bb2 0-0 8. Ne5 Re8 9. Be2 Nf8 10. Qc2 N6d7 11. 0-0 f6 12. Nxd7 Bxd7 13. e4 Ng6 14. Bh5 f5 15. e5 Be7 16. c5 Rf8 17. Bxg6 hxg6 18. f4 Kf7 19. Nf3 Rh8 20. g3 Qg8 21. h4 Qh7 22. Kg2 Qh5 23. Rh1 Raf8 24. b4 b6 25. a4 bxc5 26. bxc5 Rb8 27. Bc3 Rhf8 28. Rab1 Qh8 29. Ba5 Rxb1 30. Rxb1 Rb8 31. Bc7 Rxb1 32. Qxb1 Qc8 33. Bd6 Qa6 34. Qc2 Qb7 35. Kf2 Bd8 36. Ne1 1/2-1/2

[Event "Politiken Cup 34th"]
[Site "Helsingor"]
[Date "2012.07.31"]
[Round "5"]
[White "Christensen, Uffe Stenberg"]
[Black "Thaler, Toni"]
[Result "1/2-1/2"]
[WhiteElo "1913"]
[BlackElo "2075"]
[PlyCount "21"]
[EventDate "2012.07.28"]
[EventType "swiss"]
[EventRounds "10"]
[EventCountry "DEN"]
[SourceTitle "CBM 149 Extra"]
[Source "ChessBase"]
[SourceDate "2012.08.24"]
[SourceVersion "1"]
[SourceVersionDate "2012.08.24"]
[SourceQuality "1"]

1. d4 e6 2. Nf3 b6 3. Bg5 Be7 4. Bxe7 Qxe7 5. Nbd2 f5 6. e4 fxe4 7. Nxe4 Bb7 8. Bd3 Nf6 9. Nxf6+ Qxf6 10. c3 0-0 11. Qe2 1/2-1/2

[Event "Politiken Cup 34th"]
[Site "Helsingor"]
[Date "2012.07.29"]
[Round "3"]
[White "Henningsen, Lasse"]
[Black "Thaler, Toni"]
[Result "0-1"]
[WhiteElo "1756"]
[BlackElo "2075"]
[PlyCount "56"]
[EventDate "2012.07.28"]
[EventType "swiss"]
[EventRounds "10"]
[EventCountry "DEN"]
[SourceTitle "CBM 149 Extra"]
[Source "ChessBase"]
[SourceDate "2012.08.24"]
[SourceVersion "1"]
[SourceVersionDate "2012.08.24"]
[SourceQuality "1"]

1. e4 c5 2. c3 d6 3. d4 Nf6 4. Bd3 cxd4 5. cxd4 e5 6. Nf3 exd4 7. Nxd4 Nc6 8. Nxc6 bxc6 9. 0-0 Be7 10. Nc3 0-0 11. f4 Re8 12. Qe2 Bf8 13. Bd2 Rb8 14. b3 d5 15. e5 Bc5+ 16. Kh1 Ng4 17. g3 Bd4 18. Bxh7+ Kh8 19. Bd3 g6 20. Rae1 Kg7 21. Kg2 Nxh2 22. f5 Rxe5 23. f6+ Kg8 24. Qd1 Nxf1 25. Rxf1 Rh5 26. Rh1 Rxh1 27. Kxh1 Qxf6 28. Qe1 Bg4 0-1

[Event "Politiken Cup 34th"]
[Site "Helsingor"]
[Date "2012.07.28"]
[Round "1"]
[White "Brondum, Jan Kraul"]
[Black "Thaler, Toni"]
[Result "0-1"]
[WhiteElo "1647"]
[BlackElo "2075"]
[PlyCount "57"]
[EventDate "2012.07.28"]
[EventType "swiss"]
[EventRounds "10"]
[EventCountry "DEN"]
[SourceTitle "CBM 149 Extra"]
[Source "ChessBase"]
[SourceDate "2012.08.24"]
[SourceVersion "1"]
[SourceVersionDate "2012.08.24"]
[SourceQuality "1"]

1. e4 c5 2. Nf3 Nc6 3. d4 cxd4 4. Nxd4 Nf6 5. Nc3 e5 6. Ndb5 d6 7. Bg5 a6 8. Na3 Be6 9. Bc4 Be7 10. Bxf6 Bxf6 11. Bxe6 fxe6 12. Ne2 Rc8 13. Rc1 0-0 14. c3 Bg5 15. Rc2 b5 16. 0-0 d5 17. exd5 exd5 18. Nb1 d4 19. cxd4 exd4 20. Rc5 Bf6 21. Qb3+ Kh8 22. Rd1 Qb6 23. Rh5 g6 24. Rh3 Rce8 25. Nf4 Ne5 26. Nd5 Qd6 27. Nxf6 Qxf6 28. Qg3 Ng4 29. f3 0-1

[Event "Biel MTO op"]
[Site "Biel"]
[Date "2006.07.24"]
[Round "1"]
[White "Thaler, Toni"]
[Black "Novikov, Maxim"]
[Result "0-1"]
[WhiteElo "2188"]
[BlackElo "2546"]
[PlyCount "63"]
[EventDate "2006.07.24"]
[EventType "swiss"]
[EventRounds "11"]
[EventCountry "SUI"]
[SourceTitle "CBM 113 Extra"]
[Source "ChessBase"]
[SourceDate "2006.09.14"]
[SourceVersion "1"]
[SourceVersionDate "2006.09.14"]
[SourceQuality "1"]

1. d4 d5 2. c4 e6 3. Nf3 Nf6 4. Bg5 c6 5. Qc2 Nbd7 6. e3 Qa5+ 7. Nc3 Ne4 8. 0-0-0 Nxg5 9. Nxg5 dxc4 10. h4 b5 11. Qe4 Bb7 12. Qf4 Nf6 13. e4 Bb4 14. e5 Qc7 15. Nxf7 Qxf7 16. exf6 Bxc3 17. bxc3 0-0 18. Be2 gxf6 19. Bf3 Qe7 20. Kb1 b4 21. Qc1 a5 22. Rhe1 Qd6 23. Re4 Kh8 24. Rde1 Bc8 25. Qe3 Re8 26. Ka1 b3 27. Rb1 Bd7 28. Qd2 e5 29. Rbe1 exd4 30. Qxd4 Qxd4 31. cxd4 c3 32. Kb1 0-1

[Event "Martin Christoffel mem Gold corr"]
[Site "Switzerland"]
[Date "2003.08.26"]
[Round "?"]
[White "Vesely, Pavol"]
[Black "Thaler, Toni"]
[Result "0-1"]
[WhiteElo "2557"]
[BlackElo "2554"]
[PlyCount "72"]
[EventDate "2002.06.01"]
[EventType "tourn (corr)"]
[EventRounds "8"]
[EventCountry "SUI"]
[SourceTitle "Corr 2006"]
[Source "ChessBase"]
[SourceDate "2006.04.01"]
[SourceVersion "3"]
[SourceVersionDate "2006.04.01"]
[SourceQuality "1"]

1. e4 c5 2. Nf3 Nc6 3. d4 cxd4 4. Nxd4 Nf6 5. Nc3 e5 6. Ndb5 d6 7. Bg5 a6 8. Na3 b5 9. Bxf6 gxf6 10. Nd5 f5 11. Bd3 Be6 12. 0-0 Bxd5 13. exd5 Ne7 14. c4 Bg7 15. Qd2 bxc4 16. Nxc4 0-0 17. Rfd1 Rb8 18. a4 e4 19. Bf1 Ng6 20. Rab1 f4 21. b4 Re8 22. Rb3 f5 23. Re1 Kh8 24. Na5 Qb6 25. Nc6 Ra8 26. a5 Qb7 27. Kh1 Bf6 28. b5 axb5 29. Rxb5 Qg7 30. Reb1 Qh6 31. R5b3 e3 32. Qc2 Nh4 33. f3 Qf8 34. a6 Qg8 35. a7 e2 36. Bxe2 Qxg2# 0-1

[Event "Martin Christoffel mem Gold corr"]
[Site "Switzerland"]
[Date "2003.06.16"]
[Round "?"]
[White "Von Weizsaecker, Robert K"]
[Black "Thaler, Toni"]
[Result "1/2-1/2"]
[WhiteElo "2553"]
[BlackElo "2554"]
[PlyCount "48"]
[EventDate "2002.06.01"]
[EventType "tourn (corr)"]
[EventRounds "8"]
[EventCountry "SUI"]
[SourceTitle "Corr 2006"]
[Source "ChessBase"]
[SourceDate "2006.04.01"]
[SourceVersion "3"]
[SourceVersionDate "2006.04.01"]
[SourceQuality "1"]

1. d4 f5 2. g3 Nf6 3. Bg2 g6 4. Nf3 Bg7 5. 0-0 0-0 6. c4 d6 7. Nc3 c6 8. d5 e5 9. dxe6 Bxe6 10. b3 Na6 11. Bb2 Qe7 12. Ng5 Bd7 13. Qd2 Rad8 14. Rad1 Bc8 15. Rfe1 h6 16. Nf3 Nc5 17. Qc2 Nce4 18. h3 d5 19. e3 dxc4 20. bxc4 Nxc3 21. Bxc3 Ne4 22. Bxg7 Kxg7 23. Nd2 Nc5 24. Nb3 Kg8 1/2-1/2

[Event "Martin Christoffel mem Gold corr"]
[Site "Switzerland"]
[Date "2003.05.19"]
[Round "?"]
[White "Tochacek, Michal"]
[Black "Thaler, Toni"]
[Result "1/2-1/2"]
[WhiteElo "2564"]
[BlackElo "2554"]
[PlyCount "53"]
[EventDate "2002.06.01"]
[EventType "tourn (corr)"]
[EventRounds "8"]
[EventCountry "SUI"]
[SourceTitle "Corr 2006"]
[Source "ChessBase"]
[SourceDate "2006.04.01"]
[SourceVersion "3"]
[SourceVersionDate "2006.04.01"]
[SourceQuality "1"]

1. d4 f5 2. g3 Nf6 3. Bg2 g6 4. Nf3 Bg7 5. 0-0 0-0 6. c4 d6 7. Nc3 c6 8. b3 a5 9. Bb2 Na6 10. Qd2 Qc7 11. Rad1 Bd7 12. d5 Nc5 13. Ne1 a4 14. b4 a3 15. Ba1 Nce4 16. Nxe4 Nxe4 17. Bxe4 fxe4 18. Bxg7 Kxg7 19. Qd4+ Kg8 20. Qxe4 Bh3 21. Ng2 Ra4 22. Rfe1 Rxb4 23. Nf4 Bf5 24. Qe3 e5 25. dxe6 Rxc4 26. e7 Re8 27. Qb3 1/2-1/2

[Event "SUI-chT"]
[Site "Switzerland"]
[Date "2002.10.06"]
[Round "9.5"]
[White "Thaler, Toni"]
[Black "Costa, Jean Luc"]
[Result "0-1"]
[WhiteElo "2165"]
[BlackElo "2351"]
[PlyCount "86"]
[EventDate "2002.03.03"]
[EventType "team-tourn"]
[EventRounds "9"]
[EventCountry "SUI"]
[SourceTitle "CBM 091 Extra"]
[Source "ChessBase"]
[SourceDate "2003.01.09"]
[SourceVersion "1"]
[SourceVersionDate "2003.01.09"]
[SourceQuality "1"]

1. d4 Nf6 2. c4 d6 3. Nf3 g6 4. g3 Bg7 5. Nc3 Bg4 6. Bg2 Qc8 7. h3 Bxf3 8. Bxf3 0-0 9. Bg2 a6 10. 0-0 Nfd7 11. Be3 c5 12. Rc1 cxd4 13. Bxd4 Bh6 14. Nd5 Nc6 15. e3 Qd8 16. Bc3 a5 17. b3 e6 18. Nf4 Nc5 19. Qe2 Bg7 20. Bxg7 Kxg7 21. Rfd1 Ne5 22. Qb2 Qf6 23. Rc2 Ra6 24. Rcd2 Rd8 25. g4 h5 26. g5 Qxg5 27. Nxe6+ Nxe6 28. f4 Qf6 29. fxe5 dxe5 30. Bxb7 Rb6 31. Bg2 Rxd2 32. Qxd2 Qg5 33. Kh2 h4 34. Qf2 e4 35. Rd5 Qe7 36. Rxa5 Nc5 37. Ra8 Rf6 38. Qe2 Nd3 39. Qg4 Rf2 40. Qc8 Qe5+ 41. Kh1 Qa1+ 42. Kh2 Rxg2+ 43. Kxg2 Qxa2+ 0-1